[Event "GBR-ch U1600 op 104th"]
[Site "Llandudno"]
[Date "2017.08.04"]
[Round "5"]
[White "Harrington, Peter"]
[Black "McCulloch, Andrew"]
[Result "1-0"]
[WhiteElo "111"]
[BlackElo "102"]
[PlyCount "133"]
[EventDate "2017.07.31"]
[EventType "swiss"]
[EventRounds "5"]
[EventCountry "WLS"]
[SourceTitle "EXT 2019"]
[Source "ChessBase"]
[SourceDate "2018.10.10"]
[SourceVersion "1"]
[SourceVersionDate "2018.10.10"]
[SourceQuality "1"]

1. d4 d5 2. Nf3 Nf6 3. Bf4 e6 4. e3 Bd6 5. Bxd6 Qxd6 6. c3 0-0 7. Bd3 Nbd7 8. Qe2 c5 9. 0-0 cxd4 10. exd4 Re8 11. Ne5 Nf8 12. Nd2 b6 13. f4 Bb7 14. g4 Re7 15. g5 Ne8 16. Rf3 Rc8 17. Rh3 g6 18. Rg3 Rcc7 19. Rf1 Ng7 20. Ng4 Nf5 21. Rh3 Rcd7 22. Nf6+ Kg7 23. Nxd7 Qxd7 24. Nf3 Qd6 25. Qe5+ Qxe5 26. Nxe5 Bc8 27. Bxf5 exf5 28. Re3 Ne6 29. h4 Bb7 30. Rf2 Ba6 31. Kh2 Bb7 32. Rh3 h5 33. gxh6+ Kxh6 34. Rg3 Bc8 35. Rgf3 Bb7 36. Kg3 Kh5 37. Nd3 Ng7 38. Nb4 a5 39. Nc2 Bc6 40. Re3 Ne6 41. Rfe2 Bd7 42. Re1 b5 43. b4 a4 44. Na3 Re8 45. Nb1 Rc8 46. Nd2 Nc7 47. Re7 Be6 48. Nf3 Ne8 49. Re3 Nf6 50. Ng5 Ne4+ 51. Nxe4 fxe4 52. Rb7 Rg8 53. Rxb5 f6 54. Rb7 g5 55. hxg5 fxg5 56. fxg5 Rxg5+ 57. Kf2 Rf5+ 58. Ke2 Kg5 59. Rg7+ Kf4 60. Reg3 Rh5 61. Kf2 Rh2+ 62. Rg2 Rh3 63. R7g5 Rh4 64. Ke2 Bg4+ 65. R5xg4+ Rxg4 66. Rxg4+ Kxg4 67. b5 1-0